Mariano Marcos State University

University Library System

Effects of colchicine treatment on garlic (Allium Sativum L.) (Record no. 9689)

MARC details
000 -LEADER
fixed length control field 00541nam a22001697a 4500
003 - CONTROL NUMBER IDENTIFIER
control field OSt
005 - DATE AND TIME OF LATEST TRANSACTION
control field 20171010095507.0
008 - FIXED-LENGTH DATA ELEMENTS--GENERAL INFORMATION
fixed length control field 120810t xxu||||| |||| 00| 0 eng d
040 ## - CATALOGING SOURCE
Original cataloging agency MMSU
Transcribing agency ULS
100 ## - MAIN ENTRY--PERSONAL NAME
Personal name Edulian Miriam B.
9 (RLIN) 11945
245 ## - TITLE STATEMENT
Title Effects of colchicine treatment on garlic (Allium Sativum L.)
Statement of responsibility, etc. Miriam B. Edulian
260 ## - PUBLICATION, DISTRIBUTION, ETC.
Date of publication, distribution, etc. 1983
300 ## - PHYSICAL DESCRIPTION
Extent v, 88 leaves
Dimensions 28 cm.
500 ## - GENERAL NOTE
General note Thesis (MS Biology) -- University of the Philippines, Diliman, Quezon City
504 ## - BIBLIOGRAPHY, ETC. NOTE
Bibliography, etc. note Bibliography: leaves 38-53
942 ## - ADDED ENTRY ELEMENTS (KOHA)
Source of classification or shelving scheme
Koha item type Thesis/Dissertation
Holdings
Withdrawn status Lost status Source of classification or shelving scheme Damaged status Not for loan Home library Current library Date acquired Total Checkouts Barcode Date last seen Price effective from Koha item type Public note
          REF REF 08/10/2012   98-Gr 10/10/2017 10/10/2017 Thesis/Dissertation Library Use only

© 2023 Mariano Marcos State University. All Rights Reserved.

Powered by Koha